Egyház és hatalom
Elmentve itt :
| Szerző: | |
|---|---|
| Adatforrás: | Meister |
| Forrásdokumentuma: | Korunk. - 10 sz., 1992, 11-15 p. |
| Nyelv: | magyar |
| Kulcsszavak: | teológia vallás hatalom & egyház egyház & hatalom hatalom egyház reformáció & ellenreformáció politika & vallás vallás & politika politika LUBACH Henri de LUTHER Márton |
| LEADER | 00716nab a2200277 i 4500 | ||
|---|---|---|---|
| 001 | bibPRO00002264 | ||
| 008 | 060524s1992 xx hun | ||
| 040 | |a Sz1 | ||
| 041 | |a hun | ||
| 100 | 1 | |a VISKY Ferenc | |
| 245 | 1 | 0 | |a Egyház és hatalom |c VISKY Ferenc |
| 695 | |a teológia | ||
| 695 | |a vallás | ||
| 695 | |a hatalom & egyház | ||
| 695 | |a egyház & hatalom | ||
| 695 | |a hatalom | ||
| 695 | |a egyház | ||
| 695 | |a hatalom | ||
| 695 | |a reformáció & ellenreformáció | ||
| 695 | |a politika & vallás | ||
| 695 | |a vallás & politika | ||
| 695 | |a politika | ||
| 695 | |a vallás | ||
| 695 | |a LUBACH Henri de | ||
| 695 | |a LUTHER Márton | ||
| 773 | 0 | |t Korunk. - |g 10 sz., 1992, 11-15 p. | |